[Event "English Womens Championships 2024"]
[Site "Kenilworth, United Kingdom"]
[Date "2024.06.20"]
[Round "1.1"]
[White "Hunt, Harriet V"]
[Black "Hariharan, Shambavi"]
[Result "1/2-1/2"]
[TimeControl "G:90 minutes + 30 seconds added per move"]
[WhiteFideId "403512"]
[BlackFideId "488160"]
[WhiteElo "2313"]
[BlackElo "1900"]

1. e4 {[%clk 01:30:57]} {[%emt 00:00:02]} e5 {[%clk 01:30:41]} {[%emt
00:00:19]} 2. Nf3 {[%clk 01:31:18]} {[%emt 00:00:10]} Nc6 {[%clk 01:31:04]}
{[%emt 00:00:07]} 3. Bb5 {[%clk 01:31:40]} {[%emt 00:00:07]} a6 {[%clk
01:31:23]} {[%emt 00:00:11]} 4. Ba4 {[%clk 01:32:04]} {[%emt 00:00:07]} Nf6
{[%clk 01:31:37]} {[%emt 00:00:15]} 5. d3 {[%clk 01:32:09]} {[%emt 00:00:26]}
Bc5 {[%clk 01:31:06]} {[%emt 00:01:00]} 6. O-O {[%clk 01:30:56]} {[%emt
00:01:43]} b5 {[%clk 01:30:37]} {[%emt 00:00:59]} 7. Bb3 {[%clk 01:31:20]}
{[%emt 00:00:06]} d6 {[%clk 01:30:29]} {[%emt 00:00:37]} 8. a4 {[%clk
01:30:00]} {[%emt 00:01:51]} Rb8 {[%clk 01:29:48]} {[%emt 00:01:11]} 9. axb5
{[%clk 01:28:25]} {[%emt 00:02:06]} axb5 {[%clk 01:30:09]} {[%emt 00:00:09]} 10.
h3 {[%clk 01:23:53]} {[%emt 00:05:01]} h6 {[%clk 01:30:24]} {[%emt 00:00:14]}
11. Nc3 {[%clk 01:23:15]} {[%emt 00:01:09]} O-O {[%clk 01:26:46]} {[%emt
00:04:08]} 12. Be3 {[%clk 01:18:02]} {[%emt 00:05:44]} Bb6 {[%clk 01:19:52]}
{[%emt 00:07:23]} 13. Bd2 {[%clk 01:01:52]} {[%emt 00:16:40]} Bc5 {[%clk
01:10:44]} {[%emt 00:09:38]} 14. Qc1 {[%clk 00:58:57]} {[%emt 00:03:25]} Be6
{[%clk 00:45:08]} {[%emt 00:26:06]} 15. Bxe6 {[%clk 00:49:30]} {[%emt
00:09:57]} fxe6 {[%clk 00:45:28]} {[%emt 00:00:09]} 16. Be3 {[%clk 00:48:03]}
{[%emt 00:01:58]} Bxe3 {[%clk 00:42:36]} {[%emt 00:03:21]} 17. Qxe3 {[%clk
00:47:58]} {[%emt 00:00:35]} Nh5 {[%clk 00:38:40]} {[%emt 00:04:26]} 18. Ne2
{[%clk 00:41:08]} {[%emt 00:07:21]} Nf4 {[%clk 00:36:54]} {[%emt 00:02:15]} 19.
Nxf4 {[%clk 00:41:14]} {[%emt 00:00:24]} exf4 {[%clk 00:36:44]} {[%emt
00:00:40]} 20. Qd2 {[%clk 00:40:51]} {[%emt 00:00:54]} Qf6 {[%clk 00:35:18]}
{[%emt 00:01:55]} 21. d4 {[%clk 00:40:29]} {[%emt 00:00:53]} e5 {[%clk
00:31:39]} {[%emt 00:04:09]} 22. d5 {[%clk 00:38:20]} {[%emt 00:02:39]} Ne7
{[%clk 00:31:42]} {[%emt 00:00:26]} 23. Ra7 {[%clk 00:37:58]} {[%emt 00:00:53]}
Rfc8 {[%clk 00:29:17]} {[%emt 00:02:54]} 24. Rd1 {[%clk 00:33:15]} {[%emt
00:05:14]} Ng6 {[%clk 00:26:54]} {[%emt 00:02:52]} 25. Qc3 {[%clk 00:31:10]}
{[%emt 00:02:36]} Qd8 {[%clk 00:25:55]} {[%emt 00:01:27]} 26. Rda1 {[%clk
00:30:39]} {[%emt 00:01:03]} Nf8 {[%clk 00:25:30]} {[%emt 00:00:54]} 27. b4
{[%clk 00:27:57]} {[%emt 00:03:13]} Nd7 {[%clk 00:24:43]} {[%emt 00:01:17]} 28.
Qd3 {[%clk 00:26:51]} {[%emt 00:01:36]} Nf6 {[%clk 00:22:08]} {[%emt 00:03:05]}
29. R1a6 {[%clk 00:23:49]} {[%emt 00:03:32]} Ra8 {[%clk 00:18:32]} {[%emt
00:04:06]} 30. c4 {[%clk 00:18:37]} {[%emt 00:05:42]} Rxa7 {[%clk 00:14:59]}
{[%emt 00:04:03]} 31. Rxa7 {[%clk 00:19:05]} {[%emt 00:00:02]} bxc4 {[%clk
00:14:49]} {[%emt 00:00:40]} 32. Qxc4 {[%clk 00:19:28]} {[%emt 00:00:06]} Ne8
{[%clk 00:14:59]} {[%emt 00:00:20]} 33. Ne1 {[%clk 00:15:37]} {[%emt 00:04:21]}
Ra8 {[%clk 00:13:59]} {[%emt 00:01:29]} 34. Ra5 {[%clk 00:15:05]} {[%emt
00:01:03]} Rb8 {[%clk 00:11:44]} {[%emt 00:02:46]} 35. Nf3 {[%clk 00:11:04]}
{[%emt 00:04:31]} Nf6 {[%clk 00:09:23]} {[%emt 00:02:50]} 36. Nd2 {[%clk
00:11:20]} {[%emt 00:00:15]} Qc8 {[%clk 00:08:16]} {[%emt 00:01:35]} 37. Ra7
{[%clk 00:10:17]} {[%emt 00:01:34]} Rb7 {[%clk 00:07:54]} {[%emt 00:00:51]} 38.
Qa6 {[%clk 00:09:04]} {[%emt 00:01:45]} Rb8 {[%clk 00:08:15]} {[%emt 00:00:08]}
39. Qxc8+ {[%clk 00:07:46]} {[%emt 00:01:48]} Rxc8 {[%clk 00:08:41]} {[%emt
00:00:05]} 40. b5 {[%clk 00:07:52]} {[%emt 00:00:55]} Ne8 {[%clk 00:06:40]}
{[%emt 00:03:00]} 41. Nb1 {[%clk 00:07:33]} {[%emt 00:00:49]} Rb8 {[%clk
00:06:35]} {[%emt 00:00:35]} 42. Nc3 {[%clk 00:07:53]} {[%emt 00:00:10]} Kf8
{[%clk 00:06:53]} {[%emt 00:00:11]} 43. Kf1 {[%clk 00:08:05]} {[%emt 00:00:18]}
Ke7 {[%clk 00:06:52]} {[%emt 00:00:31]} 44. Ke2 {[%clk 00:08:23]} {[%emt
00:00:13]} Kd7 {[%clk 00:06:31]} {[%emt 00:00:51]} 45. Kd3 {[%clk 00:08:38]}
{[%emt 00:00:12]} Kc8 {[%clk 00:06:05]} {[%emt 00:00:58]} 46. Kc4 {[%clk
00:08:53]} {[%emt 00:00:16]} Rb7 {[%clk 00:06:05]} {[%emt 00:00:30]} 47. Ra3
{[%clk 00:06:39]} {[%emt 00:02:44]} Nf6 {[%clk 00:05:30]} {[%emt 00:01:04]} 48.
f3 {[%clk 00:06:12]} {[%emt 00:00:58]} Nd7 {[%clk 00:05:20]} {[%emt 00:00:39]}
49. Na2 {[%clk 00:06:04]} {[%emt 00:00:39]} Nb6+ {[%clk 00:04:46]} {[%emt
00:01:04]} 50. Kd3 {[%clk 00:06:11]} {[%emt 00:00:23]} Kd7 {[%clk 00:04:08]}
{[%emt 00:01:08]} 51. Nb4 {[%clk 00:05:42]} {[%emt 00:00:59]} Nc8 {[%clk
00:04:04]} {[%emt 00:00:33]} 52. Ra5 {[%clk 00:06:06]} {[%emt 00:00:07]} Ra7
{[%clk 00:02:44]} {[%emt 00:01:49]} 53. Na6 {[%clk 00:06:25]} {[%emt 00:00:11]}
Rb7 {[%clk 00:02:45]} {[%emt 00:00:29]} 54. Kc4 {[%clk 00:06:30]} {[%emt
00:00:26]} Nb6+ {[%clk 00:02:45]} {[%emt 00:00:29]} 55. Kb4 {[%clk 00:06:36]}
{[%emt 00:00:24]} Nc8 {[%clk 00:02:55]} {[%emt 00:00:20]} 56. Ka4 {[%clk
00:06:19]} {[%emt 00:00:48]} Nb6+ {[%clk 00:03:08]} {[%emt 00:00:17]} 57. Kb3
{[%clk 00:06:42]} {[%emt 00:00:07]} Nc8 {[%clk 00:03:23]} {[%emt 00:00:14]} 58.
Nb4 {[%clk 00:06:40]} {[%emt 00:00:32]} Ra7 {[%clk 00:03:27]} {[%emt 00:00:25]}
59. Ra6 {[%clk 00:06:17]} {[%emt 00:00:54]} Rb7 {[%clk 00:03:34]} {[%emt
00:00:23]} 60. Ra5 {[%clk 00:05:07]} {[%emt 00:01:41]} Ra7 {[%clk 00:03:55]}
{[%emt 00:00:09]} 61. Rxa7 {[%clk 00:05:06]} {[%emt 00:00:31]} Nxa7 {[%clk
00:04:20]} {[%emt 00:00:05]} 62. Ka4 {[%clk 00:05:22]} {[%emt 00:00:14]} Nc8
{[%clk 00:04:24]} {[%emt 00:00:25]} 63. Nc6 {[%clk 00:03:54]} {[%emt 00:01:59]}
Nb6+ {[%clk 00:04:50]} {[%emt 00:00:04]} 64. Kb4 {[%clk 00:04:21]} {[%emt
00:00:03]} Ke8 {[%clk 00:04:33]} {[%emt 00:00:46]} 65. Nb8 {[%clk 00:04:05]}
{[%emt 00:00:47]} Kd8 {[%clk 00:04:47]} {[%emt 00:00:13]} 66. Na6 {[%clk
00:04:08]} {[%emt 00:00:30]} Kd7 {[%clk 00:04:56]} {[%emt 00:00:18]} 67. Nb8+
{[%clk 00:04:10]} {[%emt 00:00:31]} 1/2-1/2

[Event "English Womens Championships 2024"]
[Site "Kenilworth, United Kingdom"]
[Date "2024.06.20"]
[Round "1.2"]
[White "Catabay, Mae C"]
[Black "Toma, Katarzyna"]
[Result "0-1"]
[TimeControl "G:90 minutes + 30 seconds added per move"]
[WhiteFideId "484768"]
[BlackFideId "1119907"]
[WhiteElo "1773"]
[BlackElo "2220"]

1. d4 {[%clk 01:30:57]} {[%emt 00:00:02]} Nf6 {[%clk 01:30:55]} {[%emt
00:00:05]} 2. Nf3 {[%clk 01:31:11]} {[%emt 00:00:15]} e6 {[%clk 01:31:03]}
{[%emt 00:00:22]} 3. c4 {[%clk 01:30:35]} {[%emt 00:01:07]} b6 {[%clk
01:30:51]} {[%emt 00:00:42]} 4. Bg5 {[%clk 01:27:17]} {[%emt 00:03:47]} h6
{[%clk 01:26:04]} {[%emt 00:05:17]} 5. Bxf6 {[%clk 01:23:12]} {[%emt 00:04:35]}
Qxf6 {[%clk 01:26:26]} {[%emt 00:00:08]} 6. e3 {[%clk 01:20:06]} {[%emt
00:03:37]} Bb7 {[%clk 01:25:34]} {[%emt 00:01:21]} 7. Be2 {[%clk 01:18:42]}
{[%emt 00:01:54]} Bb4+ {[%clk 01:14:00]} {[%emt 00:12:05]} 8. Nc3 {[%clk
01:15:45]} {[%emt 00:03:26]} c5 {[%clk 01:12:40]} {[%emt 00:01:50]} 9. a3
{[%clk 01:07:24]} {[%emt 00:08:52]} cxd4 {[%clk 01:07:28]} {[%emt 00:05:41]} 10.
exd4 {[%clk 01:04:11]} {[%emt 00:03:43]} Bxc3+ {[%clk 01:07:47]} {[%emt
00:00:11]} 11. bxc3 {[%clk 01:04:23]} {[%emt 00:00:19]} O-O {[%clk 01:07:58]}
{[%emt 00:00:19]} 12. O-O {[%clk 00:58:54]} {[%emt 00:05:58]} Nc6 {[%clk
01:07:40]} {[%emt 00:00:49]} 13. Bd3 {[%clk 00:51:08]} {[%emt 00:08:16]} Rac8
{[%clk 01:05:15]} {[%emt 00:02:55]} 14. Qe2 {[%clk 00:43:28]} {[%emt 00:08:10]}
d6 {[%clk 01:03:46]} {[%emt 00:01:59]} 15. Rac1 {[%clk 00:33:37]} {[%emt
00:10:20]} Na5 {[%clk 01:01:10]} {[%emt 00:03:06]} 16. Nd2 {[%clk 00:31:09]}
{[%emt 00:02:58]} Rc7 {[%clk 00:58:40]} {[%emt 00:03:01]} 17. Ne4 {[%clk
00:25:19]} {[%emt 00:06:20]} Qe7 {[%clk 00:55:35]} {[%emt 00:03:34]} 18. Rb1
{[%clk 00:19:51]} {[%emt 00:05:58]} Nxc4 {[%clk 00:49:20]} {[%emt 00:06:45]} 19.
Bxc4 {[%clk 00:15:43]} {[%emt 00:04:38]} Bxe4 {[%clk 00:49:33]} {[%emt
00:00:17]} 20. Qxe4 {[%clk 00:15:10]} {[%emt 00:01:03]} Rxc4 {[%clk 00:49:57]}
{[%emt 00:00:07]} 21. Qd3 {[%clk 00:15:08]} {[%emt 00:00:31]} d5 {[%clk
00:49:38]} {[%emt 00:00:49]} 22. Rb3 {[%clk 00:11:45]} {[%emt 00:03:54]} Rfc8
{[%clk 00:49:08]} {[%emt 00:01:00]} 23. Re1 {[%clk 00:09:19]} {[%emt 00:02:55]}
Qc7 {[%clk 00:48:20]} {[%emt 00:01:18]} 24. Rc1 {[%clk 00:09:20]} {[%emt
00:00:29]} Qf4 {[%clk 00:44:50]} {[%emt 00:04:01]} 25. Rc2 {[%clk 00:06:39]}
{[%emt 00:03:11]} Qe4 {[%clk 00:44:50]} {[%emt 00:00:30]} 26. Qxe4 {[%clk
00:04:40]} {[%emt 00:02:29]} dxe4 {[%clk 00:45:17]} {[%emt 00:00:02]} 27. Kf1
{[%clk 00:04:00]} {[%emt 00:01:09]} Rxd4 {[%clk 00:45:07]} {[%emt 00:00:41]} 28.
Rb1 {[%clk 00:02:46]} {[%emt 00:01:44]} f5 {[%clk 00:43:35]} {[%emt 00:02:02]}
29. Ke2 {[%clk 00:02:08]} {[%emt 00:01:08]} Kf7 {[%clk 00:43:35]} {[%emt
00:00:30]} 30. Rbc1 {[%clk 00:01:46]} {[%emt 00:00:52]} Ra4 {[%clk 00:42:59]}
{[%emt 00:01:06]} 31. Ra2 {[%clk 00:01:52]} {[%emt 00:00:25]} b5 {[%clk
00:41:47]} {[%emt 00:01:42]} 32. Rcc2 {[%clk 00:01:45]} {[%emt 00:00:36]} Rac4
{[%clk 00:40:03]} {[%emt 00:02:14]} 33. Kd2 {[%clk 00:01:19]} {[%emt 00:00:56]}
a6 {[%clk 00:39:08]} {[%emt 00:01:26]} 34. Ra1 {[%clk 00:01:10]} {[%emt
00:00:39]} Kf6 {[%clk 00:39:19]} {[%emt 00:00:18]} 35. Re1 {[%clk 00:00:52]}
{[%emt 00:00:47]} Ke5 {[%clk 00:38:27]} {[%emt 00:01:23]} 36. g3 {[%clk
00:00:50]} {[%emt 00:00:32]} g5 {[%clk 00:38:09]} {[%emt 00:00:48]} 37. f3
{[%clk 00:00:52]} {[%emt 00:00:28]} f4 {[%clk 00:35:28]} {[%emt 00:03:11]} 38.
fxe4 {[%clk 00:00:38]} {[%emt 00:00:45]} Rxe4 {[%clk 00:35:44]} {[%emt
00:00:14]} 39. Rf1 {[%clk 00:00:35]} {[%emt 00:00:32]} Rd8+ {[%clk 00:35:16]}
{[%emt 00:00:58]} 40. Kc1 {[%clk 00:00:54]} {[%emt 00:00:11]} Rd3 {[%clk
00:35:37]} {[%emt 00:00:09]} 41. gxf4+ {[%clk 00:00:38]} {[%emt 00:00:46]} gxf4
{[%clk 00:35:58]} {[%emt 00:00:09]} 42. Rff2 {[%clk 00:00:38]} {[%emt
00:00:31]} f3 {[%clk 00:35:46]} {[%emt 00:00:41]} 43. Kb2 {[%clk 00:00:51]}
{[%emt 00:00:17]} Kf4 {[%clk 00:36:02]} {[%emt 00:00:14]} 44. Kc1 {[%clk
00:00:40]} {[%emt 00:00:41]} Re1+ {[%clk 00:35:54]} {[%emt 00:00:38]} 0-1

[Event "English Womens Championships 2024"]
[Site "Kenilworth, United Kingdom"]
[Date "2024.06.20"]
[Round "1.3"]
[White "Mirzoeva, Elmira"]
[Black "Hardwick, Alexandra"]
[Result "1-0"]
[TimeControl "G:90 minutes + 30 seconds added per move"]
[WhiteFideId "4127951"]
[BlackFideId "422355"]
[WhiteElo "2260"]
[BlackElo "1813"]

1. d4 {[%clk 01:30:57]} {[%emt 00:00:02]} Nf6 {[%clk 01:30:55]} {[%emt
00:00:04]} 2. c4 {[%clk 01:31:18]} {[%emt 00:00:10]} c5 {[%clk 01:31:21]}
{[%emt 00:00:05]} 3. d5 {[%clk 01:31:23]} {[%emt 00:00:24]} b5 {[%clk
01:31:49]} {[%emt 00:00:02]} 4. cxb5 {[%clk 01:30:50]} {[%emt 00:01:03]} a6
{[%clk 01:32:18]} {[%emt 00:00:01]} 5. b6 {[%clk 01:30:47]} {[%emt 00:00:34]}
g6 {[%clk 01:32:29]} {[%emt 00:00:19]} 6. Nc3 {[%clk 01:30:48]} {[%emt
00:00:28]} Bg7 {[%clk 01:32:56]} {[%emt 00:00:02]} 7. e4 {[%clk 01:30:49]}
{[%emt 00:00:29]} d6 {[%clk 01:33:21]} {[%emt 00:00:06]} 8. Nf3 {[%clk
01:29:16]} {[%emt 00:02:03]} Qxb6 {[%clk 01:32:49]} {[%emt 00:01:02]} 9. Nd2
{[%clk 01:27:26]} {[%emt 00:02:19]} O-O {[%clk 01:32:32]} {[%emt 00:00:47]} 10.
Nc4 {[%clk 01:26:57]} {[%emt 00:01:00]} Qc7 {[%clk 01:32:58]} {[%emt 00:00:03]}
11. Be2 {[%clk 01:26:58]} {[%emt 00:00:29]} Nbd7 {[%clk 01:33:03]} {[%emt
00:00:24]} 12. Bg5 {[%clk 01:24:48]} {[%emt 00:02:41]} Nb6 {[%clk 01:32:00]}
{[%emt 00:01:33]} 13. Ne3 {[%clk 01:23:37]} {[%emt 00:01:41]} e6 {[%clk
01:21:03]} {[%emt 00:11:26]} 14. a4 {[%clk 01:16:16]} {[%emt 00:07:52]} exd5
{[%clk 01:20:03]} {[%emt 00:01:30]} 15. exd5 {[%clk 01:04:23]} {[%emt
00:12:24]} Bb7 {[%clk 01:17:58]} {[%emt 00:02:34]} 16. a5 {[%clk 01:03:26]}
{[%emt 00:01:28]} Nbd7 {[%clk 01:18:17]} {[%emt 00:00:11]} 17. O-O {[%clk
01:01:35]} {[%emt 00:02:20]} Rfe8 {[%clk 01:16:36]} {[%emt 00:02:11]} 18. Qa4
{[%clk 00:49:07]} {[%emt 00:12:58]} Rab8 {[%clk 01:05:41]} {[%emt 00:11:26]} 19.
Rfd1 {[%clk 00:40:07]} {[%emt 00:09:29]} Ne5 {[%clk 01:02:50]} {[%emt
00:03:22]} 20. Rab1 {[%clk 00:26:33]} {[%emt 00:14:05]} Bc8 {[%clk 01:02:35]}
{[%emt 00:00:44]} 21. Bxf6 {[%clk 00:25:28]} {[%emt 00:01:34]} Bxf6 {[%clk
01:02:53]} {[%emt 00:00:12]} 22. Qxe8+ {[%clk 00:25:51]} {[%emt 00:00:08]} 1-0

[Event "English Womens Championships 2024"]
[Site "Kenilworth, United Kingdom"]
[Date "2024.06.20"]
[Round "1.4"]
[White "Milewska, Agnieszka"]
[Black "Hryshchenko, Kamila"]
[Result "0-1"]
[TimeControl "G:90 minutes + 30 seconds added per move"]
[WhiteFideId "1196391"]
[BlackFideId "14147491"]
[WhiteElo "1769"]
[BlackElo "2161"]

1. e4 {[%clk 01:30:57]} {[%emt 00:00:02]} d6 {[%clk 01:30:56]} {[%emt
00:00:04]} 2. d4 {[%clk 01:31:22]} {[%emt 00:00:06]} g6 {[%clk 01:31:21]}
{[%emt 00:00:04]} 3. Nf3 {[%clk 01:31:41]} {[%emt 00:00:11]} Bg7 {[%clk
01:31:46]} {[%emt 00:00:06]} 4. Bf4 {[%clk 01:31:58]} {[%emt 00:00:12]} c6
{[%clk 01:32:05]} {[%emt 00:00:11]} 5. Bc4 {[%clk 01:32:13]} {[%emt 00:00:15]}
d5 {[%clk 01:30:21]} {[%emt 00:02:14]} 6. exd5 {[%clk 01:32:28]} {[%emt
00:00:15]} cxd5 {[%clk 01:30:45]} {[%emt 00:00:06]} 7. Bb3 {[%clk 01:32:32]}
{[%emt 00:00:25]} Nc6 {[%clk 01:29:35]} {[%emt 00:01:40]} 8. c3 {[%clk
01:32:26]} {[%emt 00:00:37]} Nf6 {[%clk 01:29:05]} {[%emt 00:01:00]} 9. O-O
{[%clk 01:32:44]} {[%emt 00:00:12]} O-O {[%clk 01:29:23]} {[%emt 00:00:12]} 10.
Nbd2 {[%clk 01:32:55]} {[%emt 00:00:18]} h6 {[%clk 01:27:39]} {[%emt 00:02:14]}
11. Ne5 {[%clk 01:32:53]} {[%emt 00:00:32]} Qb6 {[%clk 01:21:33]} {[%emt
00:06:36]} 12. Re1 {[%clk 01:32:03]} {[%emt 00:01:20]} Na5 {[%clk 01:19:17]}
{[%emt 00:02:47]} 13. h3 {[%clk 01:29:10]} {[%emt 00:03:23]} Nxb3 {[%clk
01:16:22]} {[%emt 00:03:25]} 14. Qxb3 {[%clk 01:28:07]} {[%emt 00:01:32]} g5
{[%clk 01:16:21]} {[%emt 00:00:31]} 15. Qxb6 {[%clk 01:28:16]} axb6 {[%clk
01:16:45]} {[%emt 00:00:27]} 16. Bh2 {[%clk 01:27:53]} {[%emt 00:00:53]} Bf5
{[%clk 01:15:43]} {[%emt 00:01:32]} 17. g4 {[%clk 01:27:35]} {[%emt 00:00:48]}
Bh7 {[%clk 01:15:53]} {[%emt 00:00:20]} 18. a3 {[%clk 01:27:16]} {[%emt
00:00:49]} Rfd8 {[%clk 01:13:57]} {[%emt 00:02:26]} 19. Nef3 {[%clk 01:23:56]}
{[%emt 00:03:51]} Kf8 {[%clk 01:12:02]} {[%emt 00:02:24]} 20. Bc7 {[%clk
01:24:07]} {[%emt 00:00:19]} Rdc8 {[%clk 01:12:25]} {[%emt 00:00:08]} 21. Be5
{[%clk 01:22:30]} {[%emt 00:02:07]} Ra5 {[%clk 01:12:01]} {[%emt 00:00:54]} 22.
Rac1 {[%clk 01:21:31]} {[%emt 00:01:28]} Ne8 {[%clk 01:06:09]} {[%emt
00:06:23]} 23. Bxg7+ {[%clk 01:19:28]} {[%emt 00:02:32]} Nxg7 {[%clk 01:06:22]}
{[%emt 00:00:17]} 24. Ne5 {[%clk 01:19:30]} {[%emt 00:00:28]} Ke8 {[%clk
01:02:35]} {[%emt 00:04:17]} 25. c4 {[%clk 01:17:07]} {[%emt 00:02:53]} f6
{[%clk 00:59:47]} {[%emt 00:03:18]} 26. Nef3 {[%clk 01:15:24]} {[%emt
00:02:12]} Bg8 {[%clk 00:55:00]} {[%emt 00:05:18]} 27. Nb3 {[%clk 01:13:22]}
{[%emt 00:02:33]} Ra4 {[%clk 00:54:13]} {[%emt 00:01:17]} 28. c5 {[%clk
01:13:37]} {[%emt 00:00:15]} b5 {[%clk 00:53:57]} {[%emt 00:00:46]} 29. Re3
{[%clk 01:11:55]} {[%emt 00:02:11]} b4 {[%clk 00:50:28]} {[%emt 00:03:59]} 30.
Nbd2 {[%clk 01:11:03]} {[%emt 00:01:23]} Ne6 {[%clk 00:49:10]} {[%emt
00:01:48]} 31. Rce1 {[%clk 01:06:35]} {[%emt 00:04:57]} bxa3 {[%clk 00:46:32]}
{[%emt 00:03:09]} 32. bxa3 {[%clk 01:06:50]} {[%emt 00:00:15]} Ra6 {[%clk
00:39:37]} {[%emt 00:07:25]} 33. Rb3 {[%clk 01:04:00]} {[%emt 00:03:20]} Rc7
{[%clk 00:36:58]} {[%emt 00:03:09]} 34. Ra1 {[%clk 01:00:38]} {[%emt 00:03:52]}
Nf4 {[%clk 00:34:30]} {[%emt 00:02:58]} 35. Kh2 {[%clk 01:00:41]} {[%emt
00:00:28]} Be6 {[%clk 00:33:24]} {[%emt 00:01:37]} 36. a4 {[%clk 01:00:42]}
{[%emt 00:00:29]} h5 {[%clk 00:30:37]} {[%emt 00:03:16]} 37. gxh5 {[%clk
00:59:12]} {[%emt 00:02:00]} Nxh3 {[%clk 00:29:19]} {[%emt 00:01:48]} 38. Kg3
{[%clk 00:56:54]} {[%emt 00:02:48]} Nf4 {[%clk 00:29:19]} {[%emt 00:00:30]} 39.
h6 {[%clk 00:56:51]} {[%emt 00:00:33]} Bf5 {[%clk 00:28:31]} {[%emt 00:01:18]}
40. a5 {[%clk 00:54:41]} {[%emt 00:02:41]} e6 {[%clk 00:27:04]} {[%emt
00:01:56]} 41. Rb6 {[%clk 00:52:58]} {[%emt 00:02:13]} Bh7 {[%clk 00:10:59]}
{[%emt 00:16:34]} 42. Rxa6 {[%clk 00:53:02]} {[%emt 00:00:27]} bxa6 {[%clk
00:11:14]} {[%emt 00:00:16]} 43. Ra3 {[%clk 00:49:01]} {[%emt 00:04:31]} Ne2+
{[%clk 00:09:42]} {[%emt 00:02:01]} 44. Kg2 {[%clk 00:43:43]} {[%emt 00:05:47]}
g4 {[%clk 00:09:01]} {[%emt 00:01:12]} 45. Rb3 {[%clk 00:43:42]} {[%emt
00:00:31]} gxf3+ {[%clk 00:08:57]} {[%emt 00:00:34]} 46. Nxf3 {[%clk 00:44:10]}
{[%emt 00:00:02]} Be4 {[%clk 00:07:28]} {[%emt 00:02:00]} 47. Rb8+ {[%clk
00:44:29]} {[%emt 00:00:11]} Kf7 {[%clk 00:07:19]} {[%emt 00:00:38]} 48. Kf1
{[%clk 00:43:06]} {[%emt 00:01:53]} Nf4 {[%clk 00:06:53]} {[%emt 00:00:56]} 49.
Nh4 {[%clk 00:41:01]} {[%emt 00:02:34]} e5 {[%clk 00:07:15]} {[%emt 00:00:09]}
50. dxe5 {[%clk 00:36:31]} {[%emt 00:05:01]} fxe5 {[%clk 00:07:40]} {[%emt
00:00:04]} 51. Nf3 {[%clk 00:31:25]} {[%emt 00:05:36]} Bxf3 {[%clk 00:01:24]}
{[%emt 00:06:46]} 52. h7 {[%clk 00:31:19]} {[%emt 00:00:36]} Ng6 {[%clk
00:01:51]} {[%emt 00:00:03]} 53. Rg8 {[%clk 00:30:37]} {[%emt 00:01:12]} Be4
{[%clk 00:02:05]} {[%emt 00:00:16]} 54. Rxg6 {[%clk 00:30:44]} {[%emt
00:00:23]} Rc8 {[%clk 00:02:29]} {[%emt 00:00:06]} 55. Rc6 {[%clk 00:23:57]}
{[%emt 00:07:17]} Bd3+ {[%clk 00:01:31]} {[%emt 00:01:28]} 56. Ke1 {[%clk
00:23:53]} {[%emt 00:00:35]} Rh8 {[%clk 00:01:41]} {[%emt 00:00:19]} 57. Rd6
{[%clk 00:22:22]} {[%emt 00:02:01]} d4 {[%clk 00:00:37]} {[%emt 00:01:34]} 58.
Kd2 {[%clk 00:22:50]} {[%emt 00:00:02]} Bb5 {[%clk 00:00:53]} {[%emt 00:00:14]}
59. c6 {[%clk 00:22:57]} {[%emt 00:00:23]} Ke7 {[%clk 00:01:07]} {[%emt
00:00:16]} 60. Rd5 {[%clk 00:18:44]} {[%emt 00:04:43]} Ke6 {[%clk 00:01:12]}
{[%emt 00:00:25]} 61. Rd7 {[%clk 00:16:51]} {[%emt 00:02:23]} Bxc6 {[%clk
00:01:29]} {[%emt 00:00:13]} 62. Ra7 {[%clk 00:17:05]} {[%emt 00:00:16]} Kd5
{[%clk 00:01:09]} {[%emt 00:00:50]} 63. Rxa6 {[%clk 00:17:09]} {[%emt
00:00:27]} Rxh7 {[%clk 00:01:34]} {[%emt 00:00:05]} 64. Rb6 {[%clk 00:17:22]}
{[%emt 00:00:17]} Ra7 {[%clk 00:01:56]} {[%emt 00:00:07]} 65. Rb8 {[%clk
00:16:37]} {[%emt 00:01:15]} Rxa5 {[%clk 00:02:12]} {[%emt 00:00:14]} 66. Rf8
{[%clk 00:16:50]} {[%emt 00:00:17]} Ra2+ {[%clk 00:02:33]} {[%emt 00:00:09]} 67.
Ke1 {[%clk 00:17:03]} {[%emt 00:00:17]} Ke4 {[%clk 00:02:46]} {[%emt 00:00:18]}
68. Rh8 {[%clk 00:16:49]} {[%emt 00:00:43]} d3 {[%clk 00:02:36]} {[%emt
00:00:40]} 69. Rh4+ {[%clk 00:17:12]} {[%emt 00:00:07]} 0-1